| 000 | 01053cam a2200313 i 4500 | ||
|---|---|---|---|
| 999 |
_c534026 _d534026 |
||
| 001 | 2269268 | ||
| 003 | NUST | ||
| 005 | 20200128152410.0 | ||
| 008 | 780601s1977 enk 000 1 eng | ||
| 010 | _a 78305821 | ||
| 015 | _aGB77-32947 | ||
| 020 | _a0140443312 (pbk.) | ||
| 038 | _aMSOHAIL | ||
| 040 |
_aDLC _cDLC _dDLC |
||
| 041 | 1 | _aengrus | |
| 050 | 0 | 0 |
_aPZ3.T5798 _bMas _aPG3365.A13 |
| 082 | 0 | 0 | _a891.733 |
| 100 | 1 |
_aTolstoy, Leo, _cgraf, _d1828-1910. _910115 |
|
| 240 | 1 | 0 |
_aShort stories. _kSelections. _lEnglish |
| 245 | 1 | 0 |
_aMaster and man, and other stories / _c[by] Leo Tolstoy ; translated [from the Russian] and with an introduction by Paul Foote. |
| 260 |
_aHarmondsworth : _bPenguin, _c1977. |
||
| 300 |
_a293 p. ; _c18 cm. |
||
| 490 | 0 | _aPenguin classics | |
| 505 | 0 | _aFather Sergius.--Master and man.--Hadju Murat. | |
| 600 | 1 | 0 |
_aTolstoy, Leo, _cgraf, _d1828-1910 _xTranslations into English. _928133 |
| 700 | 1 |
_aFoote, I. P. _q(Irwin Paul) _928134 |
|
| 906 |
_a7 _bcbc _corignew _d3 _encip _f19 _gy-gencatlg |
||
| 942 |
_2ddc _cBK |
||